[Event "Pere Noel"]
[Site "Montreal CAN"]
[Date "2005.12.27"]
[Round "2"]
[White "Prahov, Valentin"]
[Black "Leutschaft, Martin"]
[Result "1/2-1/2"]
[WhiteElo "2136"]
[BlackElo "2090"]
[PlyCount "89"]
[GameId "2160767910838099"]
[EventDate "2005.12.26"]
[EventType "swiss"]
[EventRounds "5"]
[EventCountry "CAN"]
[SourceTitle "EXT 2007"]
[Source "ChessBase"]
[SourceDate "2006.11.23"]
[SourceVersion "1"]
[SourceVersionDate "2006.11.23"]
[SourceQuality "1"]

1. e4 d6 2. d4 Nf6 3. Nc3 Nbd7 4. Nf3 e5 5. h3 Be7 6. Be3 c6 7. a4 O-O 8. Qd2 Qc7 9. Bc4 exd4 10. Nxd4 Nc5 11. f3 Re8 12. O-O a5 13. Rad1 Bf8 14. Bg5 Nfd7 15. Rfe1 Ne5 16. Bf1 Bd7 17. f4 Ng6 18. f5 Ne5 19. f6 g6 20. Bh6 Qd8 21. Bxf8 Rxf8 22. Nf3 Nxf3+ 23. gxf3 Qxf6 24. Qxd6 Qg5+ 25. Kh2 b6 26. Qg3 Qxg3+ 27. Kxg3 Rfd8 28. Rd6 Be8 29. Red1 Rxd6 30. Rxd6 Kf8 31. h4 Ke7 32. Rd2 f6 33. f4 Rd8 34. Rxd8 Kxd8 35. Be2 Ke7 36. b3 Bf7 37. Kf3 Kd6 38. Ke3 h6 39. Nb1 g5 40. hxg5 hxg5 41. Nd2 gxf4+ 42. Kxf4 Nd7 43. Bc4 Bg6 44. Be2 Kc5 45. c3 1/2-1/2

[Event "Pere Noel"]
[Site "Montreal CAN"]
[Date "2005.12.27"]
[Round "2"]
[White "Ye, Ling Feng"]
[Black "Charbonneau, Anne-Marie"]
[Result "0-1"]
[WhiteElo "2091"]
[BlackElo "1957"]
[PlyCount "74"]
[GameId "2160767910838102"]
[EventDate "2005.12.26"]
[EventType "swiss"]
[EventRounds "5"]
[EventCountry "CAN"]
[SourceTitle "EXT 2007"]
[Source "ChessBase"]
[SourceDate "2006.11.23"]
[SourceVersion "1"]
[SourceVersionDate "2006.11.23"]
[SourceQuality "1"]

1. e4 c5 2. Nf3 e6 3. d4 cxd4 4. Nxd4 Nf6 5. Nc3 d6 6. Be2 Be7 7. O-O O-O 8. Be3 a6 9. a4 Nc6 10. f4 Qc7 11. Kh1 Re8 12. Bf3 Rb8 13. Qe1 Nxd4 14. Bxd4 e5 15. fxe5 dxe5 16. Qg3 Bc5 17. Bxc5 Qxc5 18. Be2 Qc6 19. Bd3 Nh5 20. Qf3 Qg6 21. Bc4 Be6 22. Nd5 Rbc8 23. Bb3 Nf4 24. Rac1 Qh5 25. Qg3 Ng6 26. Rf5 Bxf5 27. exf5 Qxf5 28. Ne3 Qf4 29. Qh3 Qh4 30. Qxh4 Nxh4 31. Nc4 Re7 32. Nxe5 Rce8 33. Rf1 Rxe5 34. Bxf7+ Kh8 35. Bxe8 Rxe8 36. g3 Ng6 37. Rf7 Re1+ 0-1

[Event "Pere Noel"]
[Site "Montreal CAN"]
[Date "2005.12.28"]
[Round "3"]
[White "Arsenault, Nicolas"]
[Black "Larochelle, Martial"]
[Result "1/2-1/2"]
[WhiteElo "2019"]
[BlackElo "2189"]
[PlyCount "100"]
[GameId "2160767910838103"]
[EventDate "2005.12.26"]
[EventType "swiss"]
[EventRounds "5"]
[EventCountry "CAN"]
[SourceTitle "EXT 2007"]
[Source "ChessBase"]
[SourceDate "2006.11.23"]
[SourceVersion "1"]
[SourceVersionDate "2006.11.23"]
[SourceQuality "1"]

1. e4 c5 2. Nf3 d6 3. d4 cxd4 4. Nxd4 Nf6 5. Nc3 a6 6. Be3 e5 7. Nb3 Be6 8. f3 Nbd7 9. Qd2 b5 10. O-O-O Rc8 11. g4 Nb6 12. g5 Nfd7 13. Kb1 Be7 14. h4 Qc7 15. Qf2 b4 16. Nd5 Nxd5 17. exd5 Bf5 18. Bd3 Bxd3 19. Rxd3 a5 20. Rc1 O-O 21. c3 Qc4 22. Rdd1 Ra8 23. cxb4 Qxb4 24. Rc7 Rfd8 25. Nd2 Bf8 26. Ne4 Rdb8 27. h5 Rb7 28. Rxb7 Qxb7 29. g6 hxg6 30. hxg6 fxg6 31. Qg2 Rb8 32. Bc1 Nc5 33. Nxc5 dxc5 34. Qxg6 Rd8 35. Bg5 Rd6 36. Qe4 Qf7 37. Be3 Rf6 38. Rh1 Rg6 39. a3 Bd6 40. Ka2 Qf6 41. Rc1 Rg2 42. Bxc5 Bxc5 43. Rxc5 Rxb2+ 44. Kxb2 Qb6+ 45. Ka2 Qxc5 46. Qxe5 Qc2+ 47. Qb2 Qc4+ 48. Qb3 Qe2+ 49. Ka1 Qe1+ 50. Ka2 Qe2+ 1/2-1/2

[Event "Pere Noel"]
[Site "Montreal CAN"]
[Date "2005.12.28"]
[Round "3"]
[White "Charbonneau, Anne-Marie"]
[Black "Prahov, Valentin"]
[Result "0-1"]
[WhiteElo "1957"]
[BlackElo "2136"]
[PlyCount "94"]
[GameId "2160767910838104"]
[EventDate "2005.12.26"]
[EventType "swiss"]
[EventRounds "5"]
[EventCountry "CAN"]
[SourceTitle "EXT 2007"]
[Source "ChessBase"]
[SourceDate "2006.11.23"]
[SourceVersion "1"]
[SourceVersionDate "2006.11.23"]
[SourceQuality "1"]

1. d4 Nf6 2. c4 g6 3. Nc3 d5 4. cxd5 Nxd5 5. e4 Nxc3 6. bxc3 c5 7. Nf3 Bg7 8. Be3 O-O 9. Qd2 Qa5 10. Rc1 cxd4 11. cxd4 Qxd2+ 12. Nxd2 Rd8 13. Nb3 e6 14. Bg5 f6 15. Be3 b6 16. Bb5 Bb7 17. f3 Na6 18. O-O Kf8 19. Rc4 Nb8 20. Rc7 Ba6 21. a4 Bxb5 22. axb5 a5 23. d5 exd5 24. exd5 Rxd5 25. Rc8+ Kf7 26. Rfc1 a4 27. R1c7+ Nd7 28. Rxa8 axb3 29. Ra1 b2 30. Rb1 f5 31. Bxb6 Ke8 32. Bf2 Rxb5 33. Bh4 Bd4+ 34. Kf1 Ra5 35. Re1+ Ne5 36. Rb7 Ra1 37. Ke2 g5 38. Bf2 Bc3 39. Rd1 f4 40. Rb8+ Kf7 41. Bc5 Nc4 42. Rf8+ Kg7 43. Rd7+ Kg6 44. Rg8+ Kf6 45. Rf8+ Ke6 46. Re7+ Kd5 47. Rf5+ Ne5 0-1

[Event "Pere Noel"]
[Site "Montreal CAN"]
[Date "2005.12.28"]
[Round "3"]
[White "Gottlieb, Jonathan"]
[Black "Robichaud, Louis"]
[Result "1-0"]
[WhiteElo "2094"]
[BlackElo "2178"]
[PlyCount "51"]
[GameId "2160767910838105"]
[EventDate "2005.12.26"]
[EventType "swiss"]
[EventRounds "5"]
[EventCountry "CAN"]
[SourceTitle "EXT 2007"]
[Source "ChessBase"]
[SourceDate "2006.11.23"]
[SourceVersion "1"]
[SourceVersionDate "2006.11.23"]
[SourceQuality "1"]

1. e4 e5 2. Nf3 Nc6 3. Bc4 Bc5 4. c3 Nf6 5. d4 exd4 6. cxd4 Bb4+ 7. Bd2 Bxd2+ 8. Nbxd2 d5 9. exd5 Nxd5 10. Qb3 Nce7 11. O-O O-O 12. Rfe1 c6 13. Re4 h6 14. Rae1 Qc7 15. Qa3 Be6 16. Ne5 Nf6 17. Bxe6 Nxe4 18. Bxf7+ Rxf7 19. Nxf7 Kxf7 20. Nxe4 Nd5 21. Qf3+ Kg8 22. Nc5 Rf8 23. Qxf8+ Kxf8 24. Ne6+ Kf7 25. Nxc7 Nxc7 26. f3 1-0

[Event "Pere Noel"]
[Site "Montreal CAN"]
[Date "2005.12.28"]
[Round "3"]
[White "Khassanov, Marat"]
[Black "Hajiyev, Elshad"]
[Result "1/2-1/2"]
[WhiteElo "2333"]
[BlackElo "2150"]
[PlyCount "123"]
[GameId "2160767910838106"]
[EventDate "2005.12.26"]
[EventType "swiss"]
[EventRounds "5"]
[EventCountry "CAN"]
[SourceTitle "EXT 2007"]
[Source "ChessBase"]
[SourceDate "2006.11.23"]
[SourceVersion "1"]
[SourceVersionDate "2006.11.23"]
[SourceQuality "1"]

1. Nf3 d5 2. d4 Nf6 3. c4 c6 4. Qc2 e6 5. g3 Bb4+ 6. Bd2 Bxd2+ 7. Nbxd2 O-O 8. Bg2 Nbd7 9. O-O Qe7 10. e4 Nxe4 11. Nxe4 dxe4 12. Qxe4 Nf6 13. Qc2 Rb8 14. Rfe1 Qd6 15. Rad1 b5 16. Ne5 Bb7 17. c5 Qc7 18. f4 Nd5 19. Bxd5 exd5 20. f5 f6 21. Nd3 Rbe8 22. Nf4 Bc8 23. Ne6 Bxe6 24. fxe6 Re7 25. Re3 g6 26. Rf1 Kg7 27. g4 Rfe8 28. Qe2 h6 29. a3 a5 30. Kh1 a4 31. h4 Qc8 32. Re1 Qb8 33. Qh2 Qxh2+ 34. Kxh2 Rb8 35. Kg3 b4 36. Kf4 bxa3 37. bxa3 Rb2 38. Rd1 g5+ 39. Kg3 Rb3 40. Rxb3 axb3 41. Rb1 Rb7 42. a4 Kf8 43. hxg5 hxg5 44. a5 Ke7 45. a6 Rb8 46. a7 Ra8 47. Rxb3 Rxa7 48. Rb6 Rc7 49. Rb8 Kxe6 50. Rd8 Ke7 51. Rd6 Ra7 52. Rxc6 Ra3+ 53. Kf2 Rd3 54. Rc7+ Ke8 55. Rc6 Kf7 56. Rc7+ Kg6 57. c6 Rxd4 58. Rc8 Rc4 59. c7 Kg7 60. Ke3 Kh7 61. Kd3 Kg7 62. Ke3 1/2-1/2

[Event "Pere Noel"]
[Site "Montreal CAN"]
[Date "2005.12.28"]
[Round "3"]
[White "Luksza, Arkadiusz"]
[Black "Masse, Hugues"]
[Result "1/2-1/2"]
[WhiteElo "2192"]
[BlackElo "2291"]
[PlyCount "96"]
[GameId "2160767910838108"]
[EventDate "2005.12.26"]
[EventType "swiss"]
[EventRounds "5"]
[EventCountry "CAN"]
[SourceTitle "EXT 2007"]
[Source "ChessBase"]
[SourceDate "2006.11.23"]
[SourceVersion "1"]
[SourceVersionDate "2006.11.23"]
[SourceQuality "1"]

1. Nf3 Nf6 2. c4 g6 3. Nc3 d5 4. cxd5 Nxd5 5. Qa4+ Bd7 6. Qb3 Nb6 7. g3 Bg7 8. Bg2 O-O 9. O-O c5 10. d3 Nc6 11. Ne4 c4 12. dxc4 Na5 13. Qb4 Naxc4 14. Bg5 Re8 15. Rac1 a5 16. Qb3 Ba4 17. Qd3 Qxd3 18. exd3 Nxb2 19. Nc5 Bc6 20. Nd2 Nd5 21. Nc4 Nxc4 22. dxc4 Nc3 23. Rc2 Bxg2 24. Kxg2 b5 25. cxb5 Nxb5 26. a4 Nd4 27. Rd2 Rac8 28. Nb7 Rc7 29. Nxa5 Ra8 30. Be3 e5 31. Bxd4 exd4 32. Nb3 Rxa4 33. Rfd1 Rcc4 34. f4 h5 35. Nc1 Ra1 36. Ne2 Raa4 37. Nc1 Bf8 38. Nb3 Bg7 39. Nc1 Bf6 40. Ne2 Kf8 41. Kf3 Ke7 42. Rc1 Kd6 43. Rxc4 Rxc4 44. Ke4 Bg7 45. Ra2 f5+ 46. Kd3 Rc6 47. Nxd4 Bxd4 48. Kxd4 Ke6 1/2-1/2

[Event "Pere Noel"]
[Site "Montreal CAN"]
[Date "2005.12.28"]
[Round "3"]
[White "Malek, Omid"]
[Black "Gilman, Arkadiy"]
[Result "0-1"]
[WhiteElo "2164"]
[BlackElo "2089"]
[PlyCount "76"]
[GameId "2160767910838109"]
[EventDate "2005.12.26"]
[EventType "swiss"]
[EventRounds "5"]
[EventCountry "CAN"]
[SourceTitle "EXT 2007"]
[Source "ChessBase"]
[SourceDate "2006.11.23"]
[SourceVersion "1"]
[SourceVersionDate "2006.11.23"]
[SourceQuality "1"]

1. e4 e6 2. d3 d5 3. Nd2 Nf6 4. Ngf3 b6 5. e5 Nfd7 6. g3 c5 7. Bg2 Nc6 8. O-O Ndxe5 9. Nxe5 Nxe5 10. Qh5 Ng6 11. c4 Bb7 12. f4 Ne7 13. g4 g6 14. Qe5 Rg8 15. Qe2 Qd7 16. Nf3 Bg7 17. Ne5 Qc7 18. b4 Rd8 19. b5 Rh8 20. Bb2 d4 21. Rae1 Rd6 22. Bc1 f6 23. Nf3 Kd8 24. Bd2 h5 25. h3 hxg4 26. hxg4 Ng8 27. f5 gxf5 28. Bf4 fxg4 29. Nh2 e5 30. Nxg4 Rd7 31. Bg3 Bxg2 32. Qxg2 Qb7 33. Rf3 Rh5 34. Kf2 Nh6 35. Nxf6 Bxf6 36. Rh1 Ng4+ 37. Ke2 Rxh1 38. Qxh1 e4 0-1

[Event "Pere Noel"]
[Site "Montreal CAN"]
[Date "2005.12.28"]
[Round "3"]
[White "Parent, Francois"]
[Black "Leutschaft, Martin"]
[Result "1/2-1/2"]
[WhiteElo "1893"]
[BlackElo "2090"]
[PlyCount "85"]
[GameId "2160767910838110"]
[EventDate "2005.12.26"]
[EventType "swiss"]
[EventRounds "5"]
[EventCountry "CAN"]
[SourceTitle "EXT 2007"]
[Source "ChessBase"]
[SourceDate "2006.11.23"]
[SourceVersion "1"]
[SourceVersionDate "2006.11.23"]
[SourceQuality "1"]

1. e4 d6 2. d4 Nf6 3. Bd3 e5 4. d5 Nbd7 5. Be3 Be7 6. Nd2 Nc5 7. h3 Nxd3+ 8. cxd3 c6 9. dxc6 bxc6 10. Qc2 Bd7 11. Ne2 O-O 12. O-O Qc8 13. Rfc1 Qa6 14. Nf3 Rfe8 15. Ng3 c5 16. Qd2 Rab8 17. b3 Be6 18. Qc2 h6 19. Nd2 Nd7 20. Nc4 Nf8 21. Qd2 Nh7 22. Rf1 g5 23. Qe2 Qc8 24. Bd2 f5 25. exf5 Bxf5 26. Nxf5 Qxf5 27. Qe4 Rf8 28. Ne3 Qe6 29. Rac1 Rf4 30. Qc6 Rd4 31. Qa6 Qd7 32. Ba5 Qb7 33. Qxb7 Rxb7 34. Rc3 Rf4 35. Rc4 Rf7 36. Rfc1 Nf6 37. Bd2 d5 38. Ra4 Bf8 39. f3 Rfd7 40. Ng4 Nxg4 41. hxg4 Rb5 42. Be1 Kf7 43. Ra6 1/2-1/2

[Event "Pere Noel"]
[Site "Montreal CAN"]
[Date "2005.12.28"]
[Round "3"]
[White "Pilotte, Benoit"]
[Black "Forget, Luc"]
[Result "1-0"]
[WhiteElo "1750"]
[BlackElo "1873"]
[PlyCount "95"]
[GameId "2160767910838111"]
[EventDate "2005.12.26"]
[EventType "swiss"]
[EventRounds "5"]
[EventCountry "CAN"]
[SourceTitle "EXT 2007"]
[Source "ChessBase"]
[SourceDate "2006.11.23"]
[SourceVersion "1"]
[SourceVersionDate "2006.11.23"]
[SourceQuality "1"]

1. f4 e5 2. fxe5 d6 3. exd6 Bxd6 4. Nf3 Nf6 5. d4 O-O 6. Bg5 Re8 7. Nc3 Nc6 8. Nd5 Be6 9. Nxf6+ gxf6 10. Bh4 Bd5 11. Qd2 Re6 12. O-O-O Qe8 13. Bxf6 Be4 14. Qh6 Qf8 15. Qxf8+ Bxf8 16. Bg5 Rg6 17. h4 h6 18. Bd2 Bg7 19. e3 a6 20. h5 Rg4 21. Be1 Bf6 22. Nd2 Re8 23. Nxe4 Rgxe4 24. Rh3 Rxe3 25. Rxe3 Rxe3 26. Bd2 Re4 27. d5 Nd4 28. Bxh6 Rh4 29. Be3 Nf5 30. Bd2 Ng3 31. Be1 Bg5+ 32. Kb1 Rg4 33. Bd3 Bh6 34. a3 Ne4 35. Be2 Rf4 36. g3 Rf6 37. Rd4 Ng5 38. Rg4 Rf5 39. c4 f6 40. Bc3 Kf7 41. Bd3 Rf3 42. Bg6+ Ke7 43. c5 Kd7 44. Rf4 Rxg3 45. Rxf6 Bg7 46. Bf5+ Ke8 47. Rg6 Bxc3 48. bxc3 1-0

[Event "Pere Noel"]
[Site "Montreal CAN"]
[Date "2005.12.28"]
[Round "3"]
[White "Rozybakiyev, Rasul"]
[Black "Gagnon, Michel"]
[Result "1-0"]
[WhiteElo "1809"]
[BlackElo "2114"]
[PlyCount "91"]
[GameId "2160767910838112"]
[EventDate "2005.12.26"]
[EventType "swiss"]
[EventRounds "5"]
[EventCountry "CAN"]
[SourceTitle "EXT 2007"]
[Source "ChessBase"]
[SourceDate "2006.11.23"]
[SourceVersion "1"]
[SourceVersionDate "2006.11.23"]
[SourceQuality "1"]

1. e4 c5 2. c3 Nf6 3. e5 Nd5 4. d4 cxd4 5. cxd4 e6 6. Bc4 Nb6 7. Bb3 d6 8. exd6 Bxd6 9. Nf3 O-O 10. Nc3 N8d7 11. Bg5 Nf6 12. O-O Be7 13. Bf4 Bd7 14. Ne5 Bc6 15. Nxc6 bxc6 16. Qf3 Rc8 17. Rfd1 Nbd5 18. Be5 Qa5 19. Bc2 Rfd8 20. Ne4 Nxe4 21. Qxe4 g6 22. Qf3 Qb6 23. Bb3 Bd6 24. Rac1 Qb8 25. Bxd6 Qxd6 26. g3 Ne7 27. Bc2 Rb8 28. b3 Rb4 29. Be4 Rxd4 30. Rxd4 Qxd4 31. Bxc6 Qd2 32. Rc4 Qxa2 33. Ba4 Nd5 34. Qd1 Rb8 35. Qd4 a5 36. Qa7 Qa1+ 37. Kg2 Qe5 38. Rc5 Qe4+ 39. Kg1 Qb1+ 40. Kg2 Rd8 41. Qxa5 Nf4+ 42. gxf4 Qe4+ 43. f3 Qe2+ 44. Kg3 Rd2 45. Rc8+ Kg7 46. Qe5+ 1-0

[Event "Pere Noel"]
[Site "Montreal CAN"]
[Date "2005.12.29"]
[Round "4"]
[White "Benoit-Deschamps, Jean-Marc"]
[Black "Ye, Ling Feng"]
[Result "1/2-1/2"]
[WhiteElo "2050"]
[BlackElo "2091"]
[PlyCount "50"]
[GameId "2160767910838114"]
[EventDate "2005.12.26"]
[EventType "swiss"]
[EventRounds "5"]
[EventCountry "CAN"]
[SourceTitle "EXT 2007"]
[Source "ChessBase"]
[SourceDate "2006.11.23"]
[SourceVersion "1"]
[SourceVersionDate "2006.11.23"]
[SourceQuality "1"]

1. d4 Nf6 2. c4 g6 3. Nc3 d5 4. cxd5 Nxd5 5. e4 Nxc3 6. bxc3 Bg7 7. Nf3 c5 8. Rb1 O-O 9. Be2 Nc6 10. d5 Ne5 11. Nxe5 Bxe5 12. Qd2 e6 13. f4 Bc7 14. O-O exd5 15. exd5 Bf5 16. Rxb7 Bb6 17. d6 Qf6 18. c4 Qd4+ 19. Qxd4 cxd4 20. Bf3 Bd3 21. Re1 Bxc4 22. Rxb6 axb6 23. Bxa8 Rxa8 24. Re4 Rd8 25. Ba3 Bxa2 1/2-1/2

[Event "Pere Noel"]
[Site "Montreal CAN"]
[Date "2005.12.29"]
[Round "4"]
[White "Charbonneau, Anne-Marie"]
[Black "Gottlieb, Jonathan"]
[Result "0-1"]
[WhiteElo "1957"]
[BlackElo "2094"]
[PlyCount "99"]
[GameId "2160767910838115"]
[EventDate "2005.12.26"]
[EventType "swiss"]
[EventRounds "5"]
[EventCountry "CAN"]
[SourceTitle "EXT 2007"]
[Source "ChessBase"]
[SourceDate "2006.11.23"]
[SourceVersion "1"]
[SourceVersionDate "2006.11.23"]
[SourceQuality "1"]

1. d4 d5 2. c4 e6 3. Nc3 c5 4. cxd5 exd5 5. Nf3 Nc6 6. g3 Nf6 7. Bg2 Be7 8. O-O O-O 9. h3 c4 10. Ne5 Qc7 11. Bf4 Qb6 12. Nxd5 Nxd5 13. Bxd5 Nxe5 14. Bxe5 Bxh3 15. Bg2 Bxg2 16. Kxg2 Rfd8 17. d5 Bf6 18. Bxf6 Qxf6 19. e4 Qxb2 20. Rh1 h6 21. Rb1 Qe5 22. Qc2 f5 23. Qxc4 Rac8 24. Qa4 fxe4 25. Rxb7 e3 26. Qf4 Qxd5+ 27. Qf3 Qxf3+ 28. Kxf3 exf2 29. Kxf2 Rc2+ 30. Kf3 Rxa2 31. g4 Ra3+ 32. Ke4 Ra4+ 33. Ke5 Rxg4 34. Rxa7 Rg5+ 35. Ke6 Re8+ 36. Kd6 Rf8 37. Ra3 Rf6+ 38. Ke7 Re5+ 39. Kd7 Kh7 40. Ra8 Rb5 41. Kc7 Rc5+ 42. Kd7 Rd5+ 43. Kc7 Kg6 44. Rg1+ Rg5 45. Rh1 Rg4 46. Ra5 Rf5 47. Ra6+ Kg5 48. Ra8 g6 49. Ra6 h5 50. Kd7 0-1

[Event "Pere Noel"]
[Site "Montreal CAN"]
[Date "2005.12.29"]
[Round "4"]
[White "Forget, Luc"]
[Black "Samson, Gaetan"]
[Result "1-0"]
[WhiteElo "1873"]
[BlackElo "1948"]
[PlyCount "57"]
[GameId "2160767910838116"]
[EventDate "2005.12.26"]
[EventType "swiss"]
[EventRounds "5"]
[EventCountry "CAN"]
[SourceTitle "EXT 2007"]
[Source "ChessBase"]
[SourceDate "2006.11.23"]
[SourceVersion "1"]
[SourceVersionDate "2006.11.23"]
[SourceQuality "1"]

1. d4 Nf6 2. c4 g6 3. Nc3 Bg7 4. e4 d6 5. Nf3 O-O 6. Be2 Nc6 7. O-O e5 8. d5 Ne7 9. b4 Ne8 10. c5 f5 11. Ng5 Nf6 12. Bf3 f4 13. Bb2 a5 14. b5 dxc5 15. Na4 Qd6 16. Qb3 b6 17. Rfe1 Nh5 18. Rad1 Qf6 19. d6+ Kh8 20. d7 Bxd7 21. Rxd7 Qxg5 22. Rxc7 Rab8 23. Rd1 Bf6 24. Rdd7 Ng7 25. Rb7 Rxb7 26. Rxb7 Nc8 27. Rd7 h5 28. Qd5 Ne8 29. Qa8 1-0

[Event "Pere Noel"]
[Site "Montreal CAN"]
[Date "2005.12.29"]
[Round "4"]
[White "Gagnon, Michel"]
[Black "Arsenault, Nicolas"]
[Result "1/2-1/2"]
[WhiteElo "2114"]
[BlackElo "2019"]
[PlyCount "150"]
[GameId "2160767910838117"]
[EventDate "2005.12.26"]
[EventType "swiss"]
[EventRounds "5"]
[EventCountry "CAN"]
[SourceTitle "EXT 2007"]
[Source "ChessBase"]
[SourceDate "2006.11.23"]
[SourceVersion "1"]
[SourceVersionDate "2006.11.23"]
[SourceQuality "1"]

1. d4 Nf6 2. Nf3 g6 3. Bg5 Bg7 4. Nbd2 c5 5. Bxf6 Bxf6 6. Ne4 Bxd4 7. Nxd4 cxd4 8. Qxd4 O-O 9. Nc3 d6 10. e4 Nc6 11. Qd2 Qa5 12. h4 h5 13. Bc4 Qe5 14. O-O-O Qg7 15. f3 Ne5 16. Bb3 Be6 17. Nd5 Bxd5 18. Bxd5 Rac8 19. Qg5 Rc7 20. Rd2 Kh7 21. Kb1 Qh6 22. f4 Ng4 23. f5 Kg7 24. Rf1 f6 25. Qxh6+ Kxh6 26. fxg6 Kxg6 27. Be6 Ne5 28. Rf4 Rh8 29. Re2 Kh6 30. g3 Rh7 31. Re3 Rg7 32. Kc1 b5 33. a3 a5 34. Bh3 b4 35. axb4 axb4 36. Bf1 Ng6 37. Rf5 Rc5 38. Be2 Rxf5 39. exf5 Ne5 40. Kd2 Rg8 41. Rb3 Rb8 42. Ke3 Rc8 43. Kd2 Rb8 44. Ke3 Rc8 45. Bd3 Rg8 46. Kf2 Nxd3+ 47. Rxd3 Rc8 48. c3 Rc5 49. Rf3 bxc3 50. bxc3 Re5 51. Rf4 Kg7 52. Rf3 Kh6 53. Kg2 Re2+ 54. Kh3 Re4 55. Kg2 Re2+ 56. Kf1 Re5 57. Kf2 Re4 58. Re3 Re5 59. Ke2 Rxf5 60. Rxe7 Re5+ 61. Rxe5 fxe5 62. c4 Kg6 63. Ke3 Kf6 64. Ke4 Ke6 65. Ke3 Kf5 66. Kf3 e4+ 67. Ke3 Ke5 68. Kd2 Kd4 69. Ke2 Ke5 70. Kf2 Kf5 71. Ke3 Ke5 72. Kf2 Kd4 73. Ke2 Ke5 74. Kf2 Kf5 75. Ke3 Ke5 1/2-1/2

[Event "Pere Noel"]
[Site "Montreal CAN"]
[Date "2005.12.29"]
[Round "4"]
[White "Larochelle, Martial"]
[Black "Parent, Francois"]
[Result "0-1"]
[WhiteElo "2189"]
[BlackElo "1893"]
[PlyCount "74"]
[GameId "2160767910838121"]
[EventDate "2005.12.26"]
[EventType "swiss"]
[EventRounds "5"]
[EventCountry "CAN"]
[SourceTitle "EXT 2007"]
[Source "ChessBase"]
[SourceDate "2006.11.23"]
[SourceVersion "1"]
[SourceVersionDate "2006.11.23"]
[SourceQuality "1"]

1. Nf3 d5 2. d4 Nf6 3. c4 c6 4. Nc3 g6 5. e3 Bg7 6. Bd3 O-O 7. O-O Bg4 8. h3 Bxf3 9. Qxf3 e6 10. Rd1 Nbd7 11. Qe2 Qe7 12. e4 Nxe4 13. Nxe4 dxe4 14. Bxe4 Rfe8 15. Bf4 e5 16. dxe5 Nxe5 17. Rac1 f5 18. Bb1 Qh4 19. Be3 f4 20. Bd4 f3 21. Qe4 Qg5 22. g3 Nf7 23. Qc2 Re2 24. Qc3 Bxd4 25. Rxd4 Rae8 26. Rcd1 Ne5 27. Bd3 Rf8 28. Re4 Rxe4 29. Bxe4 Qh5 30. h4 Re8 31. c5 Qg4 32. Qb3+ Kf8 33. Qe3 Kg7 34. b4 h6 35. Qf4 Qe6 36. Rd6 Qh3 37. Qf6+ Kg8 0-1

[Event "Pere Noel"]
[Site "Montreal CAN"]
[Date "2005.12.29"]
[Round "4"]
[White "Leutschaft, Martin"]
[Black "Malek, Omid"]
[Result "1/2-1/2"]
[WhiteElo "2090"]
[BlackElo "2164"]
[PlyCount "143"]
[GameId "2160767910838122"]
[EventDate "2005.12.26"]
[EventType "swiss"]
[EventRounds "5"]
[EventCountry "CAN"]
[SourceTitle "EXT 2007"]
[Source "ChessBase"]
[SourceDate "2006.11.23"]
[SourceVersion "1"]
[SourceVersionDate "2006.11.23"]
[SourceQuality "1"]

1. d4 d5 2. c4 e6 3. Nf3 c6 4. g3 Nf6 5. Bg2 Nbd7 6. O-O Be7 7. Qc2 O-O 8. Rd1 b6 9. Ne5 Bb7 10. cxd5 cxd5 11. Nc6 Bxc6 12. Qxc6 Rc8 13. Qa4 Ne4 14. Bxe4 dxe4 15. Nc3 f5 16. Qxa7 Qe8 17. Bf4 g5 18. Be5 e3 19. f3 Bb4 20. Rd3 Qe7 21. a3 Nxe5 22. Qxe7 Nxf3+ 23. exf3 Bxe7 24. Rxe3 Bf6 25. Rd1 Kf7 26. Red3 Rfd8 27. Kf1 Rc4 28. Ne2 Rc6 29. Rc3 Rcd6 30. Rc7+ Kg6 31. Rb7 Rc6 32. Rd2 Rdd6 33. Ke1 h5 34. Kd1 Rc8 35. Nc3 h4 36. Ke2 hxg3 37. hxg3 Rh8 38. Ke3 Rh1 39. Nb5 f4+ 40. gxf4 gxf4+ 41. Kd3 Rc6 42. Rc7 Rxc7 43. Nxc7 Re1 44. Rf2 Re3+ 45. Kc4 Re1 46. Nb5 Rc1+ 47. Kd3 Re1 48. Re2 Rf1 49. Ke4 Bg5 50. Nc3 Bf6 51. Rg2+ Kf7 52. Ne2 Rd1 53. Kxf4 Bxd4 54. Nxd4 Rxd4+ 55. Ke5 Rd5+ 56. Ke4 Kf6 57. Rc2 Rb5 58. b4 Re5+ 59. Kf4 Rf5+ 60. Ke3 Re5+ 61. Kd4 Rd5+ 62. Kc4 b5+ 63. Kb3 Ke5 64. Re2+ Kd6 65. Re3 Rd1 66. Kc2 Rf1 67. Kd3 Kd5 68. Ke2 Rc1 69. Kd2 Rf1 70. Rd3+ Kc4 71. Rc3+ Kd4 72. Rd3+ 1/2-1/2

[Event "Pere Noel"]
[Site "Montreal CAN"]
[Date "2005.12.29"]
[Round "4"]
[White "Lopez Linares, Lizandro"]
[Black "Pilotte, Benoit"]
[Result "1-0"]
[WhiteElo "1784"]
[BlackElo "1750"]
[PlyCount "59"]
[GameId "2160767910838123"]
[EventDate "2005.12.26"]
[EventType "swiss"]
[EventRounds "5"]
[EventCountry "CAN"]
[SourceTitle "EXT 2007"]
[Source "ChessBase"]
[SourceDate "2006.11.23"]
[SourceVersion "1"]
[SourceVersionDate "2006.11.23"]
[SourceQuality "1"]

1. d4 Nf6 2. Nf3 d6 3. c4 g6 4. Nc3 Bg7 5. e4 O-O 6. Be2 Na6 7. O-O c5 8. d5 Ne8 9. Bg5 h6 10. Bh4 f5 11. exf5 Bxf5 12. Bd3 Bg4 13. Bxg6 Bxf3 14. gxf3 Rf4 15. Bg3 Rxc4 16. Qe2 Rb4 17. Qe6+ Kh8 18. Rfe1 Bf6 19. Ne4 Nec7 20. Qh3 Qf8 21. Nxf6 exf6 22. Re4 Qg7 23. Bf5 Nxd5 24. Kh1 Rd8 25. Rg1 Rg8 26. Be6 Nf4 27. Rxf4 Rxf4 28. Bxg8 Rxf3 29. Bd5 Rd3 30. Qc8+ 1-0

[Event "Pere Noel"]
[Site "Montreal CAN"]
[Date "2005.12.29"]
[Round "4"]
[White "Masse, Hugues"]
[Black "Dimev, Kiril"]
[Result "1-0"]
[WhiteElo "2291"]
[BlackElo "2021"]
[PlyCount "91"]
[GameId "2160767910838124"]
[EventDate "2005.12.26"]
[EventType "swiss"]
[EventRounds "5"]
[EventCountry "CAN"]
[SourceTitle "EXT 2007"]
[Source "ChessBase"]
[SourceDate "2006.11.23"]
[SourceVersion "1"]
[SourceVersionDate "2006.11.23"]
[SourceQuality "1"]

1. d4 Nf6 2. c4 e6 3. Nc3 Bb4 4. Qc2 d5 5. cxd5 Qxd5 6. Nf3 c5 7. Bd2 Bxc3 8. Bxc3 cxd4 9. Rd1 Nc6 10. Nxd4 O-O 11. a3 e5 12. Nf3 Qc5 13. b4 Bf5 14. Qb2 Qb6 15. e3 Ng4 16. h3 Nxe3 17. fxe3 Qxe3+ 18. Be2 Rad8 19. Rxd8 Rxd8 20. Bd2 Qb6 21. Qc1 e4 22. Be3 Qc7 23. Nh4 Qg3+ 24. Bf2 Qe5 25. Nxf5 Qxf5 26. O-O Qe5 27. Rd1 Rxd1+ 28. Bxd1 h6 29. Bb3 Nd4 30. Qc8+ Kh7 31. Bxf7 Ne2+ 32. Kf1 Ng3+ 33. Bxg3 Qf6+ 34. Kg1 Qxf7 35. Qc3 Qe6 36. Qe5 Qg6 37. Kh2 a6 38. Bf4 b5 39. Be3 Kh8 40. Bd4 Kg8 41. g4 Kh8 42. Kg3 Kg8 43. Kf4 Kh8 44. Qxg7+ Qxg7 45. Bxg7+ Kxg7 46. Kxe4 1-0